5 största slaviska språk - Statistics

General Stats
  • This quiz has been taken 132 times
  • The average score is 4 of 5
Answer Stats
modersmål, ca. språk % Correct
160 million Ryska
93%
40 million Ukrainska
82%
21 million Serbokroatiska
80%
55 million Polska
77%
11 million Tjeckiska
49%
No matching quizzes found
Score Distribution
Percent of People with Each Score
Percentile by Number Answered
Your Score History
You have not taken this quiz